[Event "Pan American-ch U10"]
[Site "Montevideo"]
[Date "2022.06.27"]
[Round "2"]
[White "Alvarez Orellana, Isai Jeremi"]
[Black "Yue, Tariq"]
[Result "0-1"]
[WhiteElo "1367"]
[BlackElo "1385"]
[PlyCount "128"]
[EventDate "2022.06.26"]
[EventType "swiss"]
[EventRounds "9"]
[EventCountry "URU"]
[SourceTitle "EXT 2023"]
[Source "ChessBase"]
[SourceDate "2022.10.05"]
[SourceVersion "1"]
[SourceVersionDate "2022.10.05"]
[SourceQuality "1"]

1. e4 c5 2. Nf3 d6 3. d4 cxd4 4. Nxd4 Nf6 5. Nc3 g6 6. Be3 Bg7 7. f3 0-0 8. Bc4 Nc6 9. Qd2 Bd7 10. 0-0-0 Rc8 11. Bb3 Ne5 12. h4 h5 13. Bg5 Nc4 14. Qd3 Ne5 15. Qe2 Qa5 16. Bxf6 Bxf6 17. Nd5 Kg7 18. Nxf6 Kxf6 19. f4 Nc6 20. e5+ dxe5 21. Nxc6 Bxc6 22. fxe5+ Kg7 23. Rhe1 Qb4 24. g3 a5 25. a3 Qb6 26. g4 Qxb3 27. cxb3 Bf3+ 28. Qc4 Rxc4+ 29. bxc4 Bxd1 30. Rxd1 Rc8 31. Rd4 Rc5 32. gxh5 gxh5 33. Re4 Kg6 34. e6 f5 35. Rd4 Kf6 36. Kd2 Kxe6 37. Ke3 Kf6 38. b4 axb4 39. axb4 Re5+ 40. Kf4 Re1 41. Rd7 Re4+ 42. Kg3 Rxc4 43. Rxb7 Rg4+ 44. Kh3 f4 45. Rc7 f3 46. Rc3 Rf4 47. Rc8 Kf7 48. Rc1 Rxb4 49. Rf1 Rf4 50. Kg3 e5 51. Rb1 f2 52. Rf1 Kf6 53. Rxf2 Rxf2 54. Kxf2 e4 55. Ke2 Kf5 56. Ke3 Ke5 57. Ke2 Kf4 58. Kf2 Kg4 59. Ke3 Kxh4 60. Kf4 e3 61. Kf3 Kh3 62. Kxe3 Kg2 63. Kf4 h4 64. Kg4 h3 0-1